Statistics for Countries in the poem "My cat likes to hide in boxes"

Click here to take the quiz!

General Stats

  • This quiz has been taken 16 times
  • The average score is 7 of 8

Answer Stats

Poem% Correct
The cat from {France} likes to sing and dance
100%
The cat from {Norway} got stuck in the doorway
93%
The cat from {Japan} waved a big blue fan
87%
The cat from {Berlin} played the violin
80%
The cat from {Brazil} caught a very bad chill
80%
The cat from {Greece} joined the police
73%
But my cat likes to hide in {boxes}!
73%
The cat from {Spain} flew an aeroplane
67%

Score Distribution

Percentile by Number Answered

Percent of People with Each Score

Your Score History

You have not taken this quiz